|
|
|
|
| LEADER |
01788nam a22003734a 4500 |
| 001 |
38305 |
| 003 |
BD-DhAAL |
| 005 |
20220405163358.0 |
| 008 |
220405t2007 ctu b 001 0 eng |
| 999 |
|
|
|c 43985
|d 43985
|
| 010 |
|
|
|a 2006937928
|
| 020 |
|
|
|a 9780300122534 (pbk. : alk. paper)
|
| 040 |
|
|
|a DLC
|c DLC
|d DLC
|d BD-DhAAL
|
| 043 |
|
|
|a n-us---
|a a-iq---
|
| 050 |
0 |
0 |
|a JZ1480
|b .F85 2007
|
| 082 |
0 |
0 |
|a 327.73
|2 22
|
| 100 |
1 |
|
|a Fukuyama, Francis.
|9 47745
|
| 245 |
1 |
0 |
|a America at the crossroads :
|b democracy, power, and the neoconservative legacy /
|c Francis Fukuyama ; with a new preface by the author.
|
| 260 |
|
|
|a New Haven :
|b Yale University Press,
|c c2007.
|
| 300 |
|
|
|a xxxiv, 226 pages ;
|c 21 cm.
|
| 490 |
0 |
|
|a The Castle lectures in ethics, politics, and economics
|
| 504 |
|
|
|a Includes bibliographical references (p. 195-216) and index.
|
| 505 |
0 |
|
|a Principles and prudence -- The neoconservative legacy -- Threat, risk, and preventive war -- American exceptionalism and international legitimacy -- Social engineering and the problem of development -- Rethinking institutions for world order -- A different kind of American foreign policy.
|
| 541 |
|
|
|a Donated by Akbar Ali Khan
|e 38305
|
| 650 |
|
0 |
|a Conservatism
|z United States.
|9 47746
|
| 650 |
|
0 |
|a Iraq War, 2003-2011.
|9 47747
|
| 650 |
|
0 |
|a Hegemony
|z United States.
|9 47748
|
| 650 |
|
0 |
|a Democracy.
|9 47749
|
| 650 |
|
0 |
|a International relations.
|9 47750
|
| 651 |
|
0 |
|a United States
|x Foreign relations
|y 2001-
|9 47751
|
| 651 |
|
0 |
|a United States
|x Military policy.
|9 47752
|
| 852 |
|
|
|a Ayesha Abed Libray
|c General Stacks
|
| 942 |
|
|
|2 ddc
|c BK
|
| 952 |
|
|
|0 0
|1 0
|2 ddc
|4 0
|6 327_730000000000000_FUK
|7 1
|9 70397
|a BRACUL
|b BRACUL
|c AAKC
|d 2022-04-05
|e Donated by Akbar Ali Khan
|l 0
|o 327.73 FUK
|p 3010038305
|r 2022-04-05
|t 1
|w 2022-04-05
|y BK
|